|
|
|
|
| LEADER |
01394nam a2200301 a 4500 |
| 001 |
000401011 |
| 003 |
CZ BrMZK |
| 005 |
20081121105213.0 |
| 008 |
010907s1998 xr f cze d |
| 020 |
|
|
|a 80-86142-04-3
|
| 040 |
|
|
|a BOA001
|b cze
|
| 080 |
|
|
|a 161/162
|2 MRF
|
| 080 |
|
|
|a 82.01
|2 MRF
|
| 080 |
|
|
|a 930.1
|2 MRF
|
| 080 |
|
|
|a 101.9(437.1)"18/19:929 Masaryk, Tomáš Garrigue
|2 MRF
|
| 100 |
1 |
|
|a Masaryk, Tomáš Garrigue,
|d 1850-1937
|7 jk01080472
|4 aut
|
| 245 |
1 |
0 |
|a Přednášky a studie z let 1882-1884 :
|b (Hume - Pascal - Buckle - O studiu děl básnických) /
|c T.G. Masaryk ; [svazek připravili Stanislav Polák, ... et al.]
|
| 250 |
|
|
|a 1. vyd.
|
| 260 |
|
|
|a Praha :
|b Ústav T.G. Masaryka,
|c 1998
|
| 300 |
|
|
|a 182 s. :
|b il. ;
|c 21 cm
|
| 490 |
1 |
|
|a Spisy T.G. Masaryka ;
|v sv. 17
|
| 653 |
0 |
|
|a Pascal, Blaise 1623-1662
|a Buckle, Henry Thomas 1821-1862
|a Hume, David 1711-1776
|a Masaryk, Tomáš Garrigue 1850-1937
|a estetika
|a filozofie
|a logika
|a matematika
|a teorie dějin
|
| 700 |
1 |
|
|a Polák, Stanislav,
|d 1936-2017
|7 jn20000710482
|4 com
|
| 800 |
1 |
|
|a Masaryk, Tomáš Garrigue,
|d 1850-1937.
|t Spisy (Masarykův ústav AV ČR : Ústav T.G. Masaryka)
|0 s
|
| 910 |
|
|
|a BOA001
|b PK-0131.633
|
| 964 |
|
|
|a Masaryk
|b Tomáš Garrigue
|f 1850-1937
|x přednášky
|z r.1882-1884
|
| 990 |
|
|
|a BK
|
| 996 |
7 |
|
|b 3119016063
|c PK-0131.633
|l MZK
|r Sklad / do 1 hodiny
|n 25
|p kup
|w 000401011
|u 000010
|a 1
|e BOA001
|j MZK50
|s A
|